Salta al contenuto

Недействительность антисоциальных сделок Монография

В работе рассматриваются актуальные вопросы применения отдельных норм Гражданского кодекса РФ касающиеся недействительности сделок. Проведен анализ правового регулирования спорных аспектов недействительности сделкок. Отдельно выведены проблемы связанные с применением норм об антисоциальных сделках....

Descrizione completa

Salvato in:
Dettagli Bibliografici
Autore principale: Желонкин С.С
Natura: Монография
Edizione:1
Serie:Научная мысль
Accesso online:https://znanium.com/catalog/document?id=151894
https://znanium.com/cover/0906/906414.jpg
Tags: Aggiungi Tag
Nessun Tag, puoi essere il primo ad aggiungerne! !
LEADER 02975nam0a2200373 i 4500
001 RU\infra-m\znanium\bibl\906414
003 https://znanium.com/catalog/document?id=151894
005 20210702000000.0
010 |a 978-5-16-005755-2 
010 |a 978-5-16-104011-9  |b электр. издание 
100 |a 20210702d2017 m y0rusy0150 ca 
101 0 |a rus 
102 |a RU 
200 1 |a Недействительность антисоциальных сделок  |e Монография  |f Санкт-Петербургский университет Министерства внутренних дел России 
205 |a 1 
210 1 |a Москва  |c ООО "Научно-издательский центр ИНФРА-М"  |d 2017 
215 |a 159 с. 
225 1 |a Научная мысль 
330 |a В работе рассматриваются актуальные вопросы применения отдельных норм Гражданского кодекса РФ касающиеся недействительности сделок. Проведен анализ правового регулирования спорных аспектов недействительности сделкок. Отдельно выведены проблемы связанные с применением норм об антисоциальных сделках. Сформулирован ряд основных положений и рекомендаций направленных на унификацию применения норм о недействительности сделок. Для аспирантов студентов и преподавателей юридических вузов и факультетов практикующих юристов судей а так же для всех интересующихся проблемами гражданского права. 
333 |a Дополнительное профессиональное образование 
606 |a Право. Юридические науки  |x Гражданское право  |2 local 
608 |a Монография  |2 local 
675 |a 347.132(075.4)  |z rus 
686 |a 67.404  |2 rubbk 
686 |a 38.03.04  |2 okso 
686 |a 39.03.02  |2 okso 
686 |a 40.03.01  |2 okso 
686 |a 40.04.01  |2 okso 
686 |a 44.03.05  |2 okso 
686 |a 46.03.02  |2 okso 
700 1 |a Желонкин  |b С.С.  |g Сергей Сергеевич  |p Санкт-Петербургский университет Министерства внутренних дел России 
801 0 |a RU  |b Общество с ограниченной ответственностью «ЗНАНИУМ»  |c 20170505  |2 rusmarc 
856 4 |a znanium.com  |m ebs_support@infra-m.ru  |n НИЦ ИНФРА-М  |u https://znanium.com/catalog/document?id=151894 
856 4 1 |a znanium.com  |d /cover/0906  |f 906414.jpg  |q image/jpeg  |u https://znanium.com/cover/0906/906414.jpg